[Event "SLO-ch U10"]
[Site "Murska Sobota"]
[Date "2007.03.01"]
[Round "7"]
[White "Ulamec, Luka"]
[Black "Prezelj, Vid"]
[Result "1-0"]
[WhiteElo "1500"]
[BlackElo "1500"]
[PlyCount "51"]
[EventDate "2007.02.25"]
[EventType "swiss"]
[EventRounds "9"]
[EventCountry "SLO"]
[SourceTitle "CBM 117 Extra"]
[Source "ChessBase"]
[SourceDate "2007.05.09"]
[SourceVersion "1"]
[SourceVersionDate "2007.05.09"]
[SourceQuality "1"]

1. e4 e6 2. Nf3 c5 3. Nc3 Nf6 4. Bc4 Nc6 5. d3 d5 6. Bb5 Bd7 7. e5 Ng4 8. 0-0 a6 9. Bxc6 Bxc6 10. h3 Nh6 11. d4 cxd4 12. Nxd4 Bd7 13. Be3 Bc5 14. Qd2 0-0 15. Bg5 Qb6 16. Be3 Rac8 17. a3 Qa5 18. b4 Qb6 19. bxc5 Rxc5 20. Rab1 Qa7 21. Nb3 d4 22. Bxd4 b6 23. Bxc5 bxc5 24. Nxc5 Qxc5 25. Ne4 Qxa3 26. Qxd7 1-0

[Event "SLO-ch U10"]
[Site "Murska Sobota"]
[Date "2007.02.26"]
[Round "2"]
[White "Asanin, Svarun"]
[Black "Ulamec, Luka"]
[Result "1-0"]
[WhiteElo "1500"]
[BlackElo "1500"]
[PlyCount "33"]
[EventDate "2007.02.25"]
[EventType "swiss"]
[EventRounds "9"]
[EventCountry "SLO"]
[SourceTitle "CBM 117 Extra"]
[Source "ChessBase"]
[SourceDate "2007.05.09"]
[SourceVersion "1"]
[SourceVersionDate "2007.05.09"]
[SourceQuality "1"]

1. e4 e5 2. Nf3 Nc6 3. Nc3 Nf6 4. Bb5 a6 5. Bxc6 bxc6 6. Nxe5 Bb4 7. a3 Bxc3 8. dxc3 Nxe4 9. Qe2 d5 10. f3 f6 11. Nxc6 Qd6 12. fxe4 dxe4 13. Qxe4+ Be6 14. Nd4 f5 15. Qxa8+ Kf7 16. Qxh8 Qe5+ 17. Kf1 1-0

[Event "SLO-ch U10"]
[Site "Murska Sobota"]
[Date "2007.02.25"]
[Round "1"]
[White "Ulamec, Luka"]
[Black "Udovc, Tomaz"]
[Result "1/2-1/2"]
[WhiteElo "1500"]
[BlackElo "1500"]
[PlyCount "39"]
[EventDate "2007.02.25"]
[EventType "swiss"]
[EventRounds "9"]
[EventCountry "SLO"]
[SourceTitle "CBM 117 Extra"]
[Source "ChessBase"]
[SourceDate "2007.05.09"]
[SourceVersion "1"]
[SourceVersionDate "2007.05.09"]
[SourceQuality "1"]

1. e4 e5 2. Nf3 Nc6 3. Nc3 Bc5 4. Bc4 Nf6 5. Ng5 0-0 6. 0-0 d6 7. d3 Ng4 8. Qf3 h6 9. Bxf7+ Kh8 10. h3 Nf6 11. Ne6 Bxe6 12. Bxe6 Nd5 13. Qe2 Nf4 14. Qg4 Nxe6 15. Qxe6 Nd4 16. Qg4 Nxc2 17. Rb1 Qf6 18. Kh1 Ne3 19. Bxe3 Bxe3 20. fxe3 1/2-1/2